000 00367nam a2200145Ia 4500
008 150201s2002 xx 000 0 und d
082 _a611
_bG2002C
100 _aCHAURASIA
245 _aHANDBOOK OF GENERAL ANATOMY
250 _a3RD
260 _bC.B.S PUBLISHERS & DISTRIBUTERS
_aDARYAGANJ (DELHI)
_c2002
300 _a1-191
650 _aANATOMY
942 _2ddc
_cBK
999 _c2501
_d2501